<?xml version="1.0" encoding="UTF-8"?>
<record
    xmlns:xsi="http://www.w3.org/2001/XMLSchema-instance"
    xsi:schemaLocation="http://www.loc.gov/MARC21/slim http://www.loc.gov/standards/marcxml/schema/MARC21slim.xsd"
    xmlns="http://www.loc.gov/MARC21/slim">

  <leader>04839nam a2200253   4500</leader>
  <controlfield tag="003">vecauma</controlfield>
  <controlfield tag="005">20260416154101.0</controlfield>
  <controlfield tag="007">ta</controlfield>
  <controlfield tag="008">260416b        ve ||||| |||| 00| 0 spa d</controlfield>
  <datafield tag="020" ind1=" " ind2=" ">
    <subfield code="a">9802331554</subfield>
  </datafield>
  <datafield tag="040" ind1=" " ind2=" ">
    <subfield code="a">vecauma</subfield>
    <subfield code="b">spa</subfield>
    <subfield code="c">vecauma</subfield>
    <subfield code="d">vecauma</subfield>
    <subfield code="e">rda</subfield>
  </datafield>
  <datafield tag="041" ind1=" " ind2=" ">
    <subfield code="a">spa</subfield>
  </datafield>
  <datafield tag="100" ind1="1" ind2=" ">
    <subfield code="e">autor</subfield>
  </datafield>
  <datafield tag="245" ind1="1" ind2=" ">
    <subfield code="a">Universidad y proceso hist&#xF3;rico </subfield>
    <subfield code="b">Aproximaci&#xF3;n a la universidad de Carabobo desde la perspectiva del proceso hist&#xF3;rico venezolano (1892-1958)  </subfield>
    <subfield code="c">/ Iv&#xE1;n Hurtado Le&#xF3;n </subfield>
  </datafield>
  <datafield tag="264" ind1=" " ind2=" ">
    <subfield code="a">Valencia, Venezuela:</subfield>
    <subfield code="b">Universidad de Carabobo;</subfield>
    <subfield code="c">1997.</subfield>
  </datafield>
  <datafield tag="300" ind1=" " ind2=" ">
    <subfield code="a">287 p&#xE1;ginas.</subfield>
  </datafield>
  <datafield tag="336" ind1=" " ind2=" ">
    <subfield code="a">texto</subfield>
    <subfield code="b">txt</subfield>
    <subfield code="2">rdacontenido</subfield>
  </datafield>
  <datafield tag="337" ind1=" " ind2=" ">
    <subfield code="a">no mediado</subfield>
    <subfield code="b">n</subfield>
    <subfield code="2">rdamedio</subfield>
  </datafield>
  <datafield tag="338" ind1=" " ind2=" ">
    <subfield code="a">volumen</subfield>
    <subfield code="b">nc</subfield>
    <subfield code="2">rdasoporte</subfield>
  </datafield>
  <datafield tag="505" ind1="0" ind2=" ">
    <subfield code="a">La creaci&#xF3;n
1.- Antecedentes Generales de la Educaci&#xF3;n Superior en Venezuela (1538-1830) /
2.- Rese&#xF1;a Cronol&#xF3;gica de la Educaci&#xF3;n Superior en Carabobo (1830-1892) /
3.- Fundaci&#xF3;n y Desarrollo de la Universidad (1892-1904) .. /
4.- El Paradigma Educativo de la Universidad en su Primera Etapa /

El tiempo de la clausura
1.-La Larga Noche del Cierre (1904-1958) /
2.-La Realidad Latinoamericana despu&#xE9;s de la Segunda Guerra Mundial /
3.- Influencias Recibidas por la Universidad Venezolana en el Siglo XX /
4.- Planificaci&#xF3;n, Educaci&#xF3;n y Desarrollo en Am&#xE9;rica Latina /

La restituci&#xF3;n 
1.- La Universidad de Carabobo en su Segunda Etapa (1958) /
2.-Concepciones Dominantes sobre la Sociedad y los Fines del Sistema Educativo /
3.- La Estrategia Econ&#xF3;mica de la Industrializaci&#xF3;n: Valencia como Polo de Desarrollo /
4.- El Paradigma Educativo de la Universidad en su Reapertura (1958) /
Conclusiones /
</subfield>
  </datafield>
  <datafield tag="520" ind1="3" ind2=" ">
    <subfield code="a">Iv&#xE1;n Hurtado Le&#xF3;n, educador e historiador carabobe&#xF1;o. Licenciado, Magister y actual candidato a doctor en educaci&#xF3;n del &#xC1;rea de Estudios de Postgrado de la Universidad de Carabobo. En esta instituci&#xF3;n ha desempe&#xF1;ado funciones administrativas y docentes en los &#xFA;ltimos veintid&#xF3;s a&#xF1;os. Profesor Universitario de pre y postgrado de otras importantes instituciones venezolanas, entre las cuales destacan la Academia Militar de Venezuela, La Universidad Nacional Abierta, la Universidad Sur del Lago, la Universidad Sim&#xF3;n Bol&#xED;var y la Universidad Sim&#xF3;n Rodr&#xED;guez. Entre las actividades administrativas universitarias resaltantes est&#xE1;n el haber sido Director de Medios, Publicaciones y Relaciones P&#xFA;blicas de la Universidad de Carabobo, desempe&#xF1;ar la Secretar&#xED;a Ejecutiva de la Oficina del Cronista de la misma instituci&#xF3;n y ser Miembro del Consejo Consultivo de la C&#xE1;tedra de Divulgaci&#xF3;n Cient&#xED;fica "Alonso Gamero". Ha recibido importantes distinciones administrativas honor&#xED;ficas ciudadanas, entre las cuales sobresalen el haber sido designado Presidente de la Fundaci&#xF3;n Jard&#xED;n Bot&#xE1;nico Naguanagua y Herbario de Carabobo y Vicepresidente de la Fundaci&#xF3;n para el Mejoramiento Sanitario y Ambiental de Valencia (FUNVAL). Como asesor profesional ha participado en numerosas comisiones t&#xE9;cnicas, en tal sentido ha sido una de las labores m&#xE1;s significativas la desarrollada en la Comisi&#xF3;n Presidencial para la Elaboraci&#xF3;n del Proyecto Educativo Nacional (COPEN). Ha participado como ponente en diferentes eventos nacionales e internacionales. Destacan entre sus publicaciones el libro DOS MOMENTOS: UNA HISTORIA, (Contribuci&#xF3;n al Conocimiento de Historia de la Universidad de Carabobo) y el Trabajo de Investigaci&#xF3;n Lineamientos B&#xE1;sicos para la Elaboraci&#xF3;n del Modelo Curricular de la Universidad Sur del Lago. Ha recibido importantes distinciones nacionales e internacionales entre las cuales se cuentan el haber sido: Hu&#xE9;sped Distinguido del Honorable Ayuntamiento Constitucional de Jalapa Henrique, Estado de Veracruz, M&#xE9;xico; Becario de la Organizaci&#xF3;n de Estados Americanos, &#x39F;.&#x395;.&#x39B;., y del Ministerio Espa&#xF1;ol de Asuntos Exteriores; invitado internacional del Gobierno de los Estados Unidos y condecorado con la Orden Ciudad de Valencia. Es miembro correspondiente del Centro de Historia del Estado Carabobo, del Ateneo de Valencia, de la Sociedad Bolivariana de Venezuela y de la Asociaci&#xF3;n de Escritores de Venezuela (Seccional Carabobo). Es colaborador regular de importantes publicaciones regionales y nacionales. Este libro (UNIVERSIDAD Y ESTADO) que ahora presenta, forma parte de una consistente l&#xED;nea de investigaci&#xF3;n que ha venido desarrollando sobre los or&#xED;genes y el proceso hist&#xF3;rico de la Universidad de Carabobo.

La fotograf&#xED;a que ilustra la portada de este libro corresponde a un grupo de profesores y estudiantes de la Universidad en el per&#xED;odo comprendido entre 1892 y 1900. Algunos historiadores han cre&#xED;do identificar en ella a la figura (tercera fila, cuarto de izquierda a derecha) del joven Rector, Alejo Zuloaga, hijo.
</subfield>
  </datafield>
  <datafield tag="942" ind1=" " ind2="1">
    <subfield code="2">lcc</subfield>
    <subfield code="n">0</subfield>
    <subfield code="c">BK</subfield>
  </datafield>
  <datafield tag="999" ind1=" " ind2=" ">
    <subfield code="c">13389</subfield>
    <subfield code="d">13389</subfield>
  </datafield>
  <datafield tag="952" ind1=" " ind2=" ">
    <subfield code="0">0</subfield>
    <subfield code="1">0</subfield>
    <subfield code="2">lcc</subfield>
    <subfield code="4">0</subfield>
    <subfield code="7">0</subfield>
    <subfield code="8">CG</subfield>
    <subfield code="a">BUMA</subfield>
    <subfield code="b">BUMA</subfield>
    <subfield code="c">GEN</subfield>
    <subfield code="d">2026-04-16</subfield>
    <subfield code="i">49878</subfield>
    <subfield code="l">0</subfield>
    <subfield code="p">2026-0533</subfield>
    <subfield code="r">2026-04-16</subfield>
    <subfield code="w">2026-04-16</subfield>
    <subfield code="y">BK</subfield>
  </datafield>
</record>
